Detalles MARC
| 000 -LEADER |
| fixed length control field |
01742nam a2200481 i 4500 |
| 001 - CONTROL NUMBER |
| control field |
DIGLKG0066 |
| 003 - CONTROL NUMBER IDENTIFIER |
| control field |
NyNyDIG |
| 008 - FIXED-LENGTH DATA ELEMENTS--GENERAL INFORMATION |
| fixed length control field |
200806s2017 sp ol 000 0 spa d |
| 006 - FIXED-LENGTH DATA ELEMENTS--ADDITIONAL MATERIAL CHARACTERISTICS |
| fixed length control field |
m o d |
| 007 - PHYSICAL DESCRIPTION FIXED FIELD--GENERAL INFORMATION |
| fixed length control field |
cr ||||||||||| |
| 035 ## - SYSTEM CONTROL NUMBER |
| System control number |
(OCoLC)1182827782 |
| 040 ## - CATALOGING SOURCE |
| Original cataloging agency |
DGITA |
| Language of cataloging |
eng |
| Description conventions |
rda |
| -- |
pn |
| Transcribing agency |
DGITA |
| 020 ## - INTERNATIONAL STANDARD BOOK NUMBER |
| International Standard Book Number |
9788490074084 |
| Qualifying information |
eBook |
| 020 ## - INTERNATIONAL STANDARD BOOK NUMBER |
| International Standard Book Number |
8490074089 |
| Qualifying information |
eBook |
| 020 ## - INTERNATIONAL STANDARD BOOK NUMBER |
| Canceled/invalid ISBN |
9788490077108 |
| Qualifying information |
rústica |
| 020 ## - INTERNATIONAL STANDARD BOOK NUMBER |
| Canceled/invalid ISBN |
849007710X |
| Qualifying information |
rústica |
| 043 ## - GEOGRAPHIC AREA CODE |
| Geographic area code |
nwcu--- |
| 050 14 - LIBRARY OF CONGRESS CALL NUMBER |
| Classification number |
KGN1054.31959 ebook |
| 082 04 - DEWEY DECIMAL CLASSIFICATION NUMBER |
| Classification number |
346.72910702632 |
| 110 1# - MAIN ENTRY--CORPORATE NAME |
| Corporate name or jurisdiction name as entry element |
Cuba, |
| Relator term |
enacting jurisdiction. |
| 240 10 - UNIFORM TITLE |
| Uniform title |
Código de comercio (1959) |
| 245 10 - TITLE STATEMENT |
| Title |
Código de comercio de Cuba / |
| Statement of responsibility, etc. |
Autores Varios. |
| 264 #1 - PRODUCTION, PUBLICATION, DISTRIBUTION, MANUFACTURE, AND COPYRIGHT NOTICE |
| Place of production, publication, distribution, manufacture |
Barcelona : |
| Name of producer, publisher, distributor, manufacturer |
www.linkgua-digital.com, |
| Date of production, publication, distribution, manufacture, or copyright notice |
2017. |
| 300 ## - PHYSICAL DESCRIPTION |
| Extent |
1 online resource |
| 336 ## - CONTENT TYPE |
| Content type term |
text |
| Content type code |
txt |
| Source |
rdacontent |
| 337 ## - MEDIA TYPE |
| Media type term |
computer |
| Media type code |
c |
| Source |
rdamedia |
| 338 ## - CARRIER TYPE |
| Carrier type term |
online resource |
| Carrier type code |
cr |
| Source |
rdacarrier |
| 347 ## - DIGITAL FILE CHARACTERISTICS |
| File type |
text file |
| Source |
rdaft |
| 347 ## - DIGITAL FILE CHARACTERISTICS |
| Encoding format |
PDF |
| 347 ## - DIGITAL FILE CHARACTERISTICS |
| Encoding format |
EPUB |
| 490 1# - SERIES STATEMENT |
| Series statement |
Linkgua Leyes |
| 500 ## - GENERAL NOTE |
| General note |
The text has been taken from the Gaceta Oficial de la República de Cuba, 2015 with amendments since 1959. |
| 588 0# - SOURCE OF DESCRIPTION NOTE |
| Source of description note |
Online resource; title from PDF title page (Digitalia, viewed August 10, 2020) |
| 650 #0 - SUBJECT ADDED ENTRY--TOPICAL TERM |
| Topical term or geographic name entry element |
Commercial law |
| Geographic subdivision |
Cuba. |
| 655 #0 - INDEX TERM--GENRE/FORM |
| Genre/form data or focus term |
Electronic books. |
| 791 2# - |
| -- |
Digitalia (Firm), |
| -- |
distributor. |
| 793 0# - |
| -- |
Digitalia eBook Collection: |
| -- |
Linkgua |
| 776 08 - ADDITIONAL PHYSICAL FORM ENTRY |
| Relationship information |
Print version: |
| Main entry heading |
Cuba. |
| Uniform title |
Código de comercio (1959). |
| Title |
Código de comercio de Cuba. |
| Place, publisher, and date of publication |
Barcelona : Linkgua Ediciones, 2014 |
| International Standard Book Number |
9788490077108 |
| Record control number |
(OCoLC)960084813 |
| 830 #0 - SERIES ADDED ENTRY--UNIFORM TITLE |
| Uniform title |
Linkgua leyes ; |
| Volume/sequential designation |
57. |
| 856 40 - ELECTRONIC LOCATION AND ACCESS |
| Materials specified |
Digitalia Hispánica |
| Uniform Resource Identifier |
<a href="https://www.digitaliapublishing.com/a/48684/">https://www.digitaliapublishing.com/a/48684/</a> |
| 910 ## - USER-OPTION DATA (OCLC) |
| User-option data |
Premium collection: 2020 |
| 942 ## - ADDED ENTRY ELEMENTS (KOHA) |
| Koha item type |
Recurso Electrónico |